00581nam a2200169 a 45000010005000000030005000050050017000100080041000270200015000680400026000832450147001092600040002562600048002964900025003446500023003697000019003925590CDMR20131128122325.0130130s1987||||||||||||||||||||||||||||d a845057014X aCDMRbcatcCPC GIRONA00aTele/Estel, Arreu, Oriflama, Canigó i Presènciab: cinc revistes catalanes entre la dictadura i la transiciócJosep Faulí ... [et al.] bDiputació de BarcelonaaBarcelona c1987bCol·legi de Periodistes de Catalunya0 aVaixells de Paperv204aRevistes catalanes1 aFaulí, Josep